000 00298nam a2200133Ia 4500
100 _aTucker/ Alan
942 _cBK
654 _aAlgebra
245 _aUnified Introduction to Linear Algebra
260 _bMacmillan
_aNew York
_c1989
082 _a512.3
_bPAN
546 _aENGLISH
999 _c29653
_d29653